Journal of Urban History

Gespeichert in:
Bibliographische Detailangaben
Format: Schriftenreihe
Sprache:Englisch
Veröffentlicht: Thousand Oaks SAGE Publ
Schlagworte:
Tags: Tag hinzufügen
Keine Tags, Fügen Sie das erste Tag hinzu!

MARC

LEADER 00000nas1a22000001 4500
001 s120152
005 20250701092120.9
022 |a 0096-1442 
022 |a 1552-6771 
041 0 |a eng 
044 |a US 
245 1 0 |a Journal of Urban History 
264 1 |a Thousand Oaks  |b SAGE Publ 
610 2 0 |a urbanizácia 
610 2 0 |a história